Athlètes Mondiaux par Images (Athlétisme) #3 - Statistiques

Statistiques générales
  • Ce quiz a été pris 34 fois
  • Le résultat moyen est 8 sur 20
Statistiques - réponses
Par images Hint Réponse % Correct
Pays Bas Femke Bol
94%
France Marie José Pérec
91%
États Unis Noah Lyles
91%
États Unis Justin Gatlin
75%
États Unis Shacarri Richardson
69%
Afrique du Sud Wayde van Niekerk
56%
États Unis Jesse Owens
50%
Jamaïque Shelly-Ann Fraser-Pryce
47%
Maroc Soufiane El Bakkali
38%
France Alain Mimoun
34%
Kenya Faith Kipyegon
31%
Australie Nina Kennedy
16%
Ukraine Yaroslava Mahuchikh
16%
Canada Ethan Katzberg
13%
France Nantenin Keïta
13%
États Unis Kathrine Switzer
9%
Éthiopie Haile Gebrselassie
6%
Équateur Brian Daniel Pintado
3%
Suisse Catherine Debrunner
3%
Allemagne Markus Rehm
3%
Aucun quiz correspondant
Distribution des résultats
% des personnes avec chaque résultat
Percentile par nombre de réponses
Votre historique - résultats
Vous n’avez pas pris ce quiz